Quizzes
Events
Quiz Creation
Community
Videos
Private Events
Remove Ads
Sign In
Join for FREE
Feedback
Dark Mode
Quiz Categories
Sports
Geography
Music
Movies
Television
Just For Fun
Miscellaneous
History
Literature
Language
Science
Gaming
Entertainment
Religion
Holiday
For Kids
Quiz Lab
Recent
Popular Today
Quiz Kudos Today
Editor Picks
Curator Picks
Quizzes by...
Day
Popularity
Type
Ratings
Length
Year
Community
Subscriptions
Recent Discussions
Orange Saloon
Badges
Playlists
Quests
Create
Leaderboards
Showdown
Live 5
Trivia Bingo
Activity
Puzzle Library
Sporcle Events
Private Events
Virtual Trivia
Globe League
Become a Host
Pub Owners
SporcleCon
Opinionation
Our Games
Videos
Blog
Mobile Apps
Partnerships
Remove Ads and Go Orange
Feedback
Geography
Country
Landmarks
City
State
Population
World
Capital
Continent
Flags
Europe
Africa
Asia
South America
North America
Oceania
Border
Canada
United Kingdom
Topography
United States
Geography
Country
Landmarks
City
State
Population
World
Capital
Continent
Flags
Europe
Africa
Asia
South America
North America
Oceania
Border
Canada
United Kingdom
Topography
United States
Random Quiz
Search Sporcle
×
Quiz Lab
Quiz Lab
Geography
Country
Type in answers that appear in a list
Type in answers that appear in a list
Classic
Best Score? Go Orange.
Total Fertility Rate Stats
Can you name the countries with the highest and lowest total fertility rate?
By
tremblingaspen
8m
40 Questions
242 Plays
242 Plays
242 Plays
Comments
Comments
Give Quiz Kudos
Give Quiz Kudos
-
- Ratings
hide this ad
More Info
Replay
Link that replays current quiz
Next Quiz
Link to next quiz in quiz playlist
You Got
0%
They Got
Avg Score
57%
Avg Friend Score
Upgrade to see
Score Distribution
Jump to the score distribution portion of the page
Score
0/40
Timer
08:00
0
Plays Today
Rate (Children Per Woman)
Country
% Correct
7.75
Niger
87.2%
1.21
Japan
81.4%
5.31
Chad
78.9%
6.12
Ethiopia
74.4%
1.31
Italy
74.4%
7.29
Mali
71.5%
6.20
Democratic Republic of the Congo
71.5%
1.21
South Korea
71.5%
6.77
Uganda
69.8%
5.25
Rwanda
69.8%
6.52
Somalia
68.6%
1.31
Spain
66.9%
1.28
Poland
62%
6.12
Angola
61.6%
1.37
Greece
61.6%
1.30
Latvia
59.9%
1.23
Lithuania
59.1%
1.09
Singapore
56.6%
5.88
Sierra Leone
56.2%
5.59
Malawi
56.2%
Rate (Children Per Woman)
Country
% Correct
5.79
Liberia
55.8%
6.33
Burundi
55.4%
1.35
Slovakia
55.4%
5.84
Republic of the Congo
54.5%
5.49
Benin
53.3%
1.35
Hungary
53.3%
6.53
Afghanistan
52.9%
1.28
Slovenia
52.9%
1.24
Belarus
51.7%
1.24
Czech Republic
51.2%
1.38
Serbia
51.2%
6.32
Yemen
50.8%
6.28
Burkina Faso
50.4%
1.27
Moldova
47.9%
1.24
Bosnia and Herzegovina
43%
1.33
Andorra
39.7%
1.36
San Marino
36.8%
5.53
Oman
31.8%
1.36
Armenia
31%
5.33
Sao Tome and Principe
26%
Quiz Playlist
Details
Report
Send in Message
Add To Playlist
More Info:
Total Fertility Rate = the average number of children a woman living in a certain country will have during her lifetime.
Classic:
Type in answers that appear in a list
Quiz Source
Last Updated: Feb 16, 2017
Quiz Scoreboard
CHALLENGE
Sign Up to Join the Scoreboard
Show All
Scores
Hide
Comments
May contain spoilers
Recently Published
1-10 Letter E Words III
by El_Dandy
Language
2m
One Thing in Common: World Cities II
by knightlancer
Geography
7m
Popular People in 1961
by mucciniale
History
6m
More to Explore
Quiz From the Vault
Featured Blog Post
Where Did the Easter Bunny Come From?
hide this ad
You Might Also Like...
Tags
Country Quiz
Children
Fertility
highest
Lowest
rate
total
Woman
Today's Top Quizzes in Geography
Browse Geography
hide this ad
Today's Top Quizzes in Country
Browse Country
Top Contributed Quizzes in Geography
1
Countries of the World - No Outlines Minefield
2
Top 25 Cities of France on a map
3
African Flag Reveal XLV
4
Closest Countries to UK A-Z
5
Blind Secret Country CLXXXVIII
6
Find the US States - No Outlines
7
One Thing in Common: Asia
8
One Thing in Common: United Kingdom
9
One Thing in Common: Geography
10
One Thing in Common: Around the World
Explore More
Trending Topics
Anime
Disney
Crossword
NBA
Kpop
Marvel
Harry Potter
The Office
Puzzle
Pokémon
Song
Soccer
Country
NFL
WWE
hide this ad
More By:
tremblingaspen
Quiz
Plays
Rating
Category
Featured
Created
Hell's Kitchen Contestants
7,627
4.00
Television
Aug 25, 2011
Most Popular Girls Names From The Bible
3,061
4.42
Miscellaneous
Mar 24, 2011
Cheaper By The Dozen
2,350
4.00
Movies
Oct 24, 2009
'Glee' Characters
1,704
3.75
Television
Dec 3, 2009
Declining Populations
847
4.21
Geography
Dec 21, 2009
Go to Creator's Profile
Score Distribution
Quiz Creator Spotlight
tremblingaspen
Follow
Send a Message
Quizzes Created
-
Created Quiz Play Count
-
More By This Creator
Popular Quizzes Today
1
Find the US States - No Outlines Minefield
2
The Countries of the World
3
Find the Countries of Europe - No Outlines Minefield
4
Popular People in 1961
5
1-10 Letter E Words III
6
Find the US States
7
One Thing in Common: World Cities II
8
US States
More Geography Quizzes
Bordering 'F' Countries on a Map
Published
Trending Quizzes
Risky Map Clicking: Least Populous States A-Z
1-10 Letter F Words
1-10 Letter G Words
One Thing in Common: United Kingdom
Risky Map Clicking: Next State Alphabetically
Recently Updated
Leaping Animals
pecheneg
Reality TV Shows (A-Z)
bhenderson79
Rickey Henderson's Hall of Fame Teammates
pecheneg
Champions League XIs: Arsenal
pecheneg
Quick Pick: Celebrities in WWE's Hall of Fame
aduchscher
A-Z Keypad Blitz II
pecheneg
Multiple Oscar Actors
pecheneg
Mystery Phrase Blitz: Oscar 'Best Actors'
pecheneg
F. Scott Fitzgerald Novels
LTH
Pick 3 Villains
ddd62291
Trending Topics
Harry Potter
Anime
Crossword
Marvel
Kpop
NBA
Disney
Soccer
Puzzle
Country
WWE
Pokémon
The Office
NFL
Song
Your Account Isn't Verified!
In order to create a playlist on Sporcle, you need to verify the email address you used during registration. Go to your
Sporcle Settings
to finish the process.
Report this User
Report this user for behavior that violates our
Community Guidelines
.
Details:
Send Report
Go to the Sporcle.com Mobile Site →
Comments